|
|
|
|
| LEADER |
01160nam a2200289 u 4500 |
| 001 |
10024552 |
| 003 |
upatras |
| 005 |
20210117205849.0 |
| 008 |
951214s1980 uk eng |
| 020 |
|
|
|a 0070841098
|q (Χαρτόδετο)
|
| 040 |
|
|
|a GR-PaULI
|c GR-PaULI
|
| 041 |
0 |
|
|a eng
|
| 050 |
|
4 |
|a 79-42872
|
| 100 |
1 |
|
|a Laithwaite, E. R.
|9 150781
|
| 245 |
1 |
0 |
|a Electric energy: its generation, transmission and use
|c E. R. Laithwaite, L. L. Freris
|
| 260 |
|
|
|a London
|b McGraw - Hill Book Company
|c 1980
|
| 300 |
|
|
|a xv, 365 p.
|b fig., tab.
|
| 490 |
0 |
|
|a McGraw-Hill electrical engineering series
|
| 505 |
1 |
|
|a includes references . - index
|
| 650 |
|
4 |
|a Εναλλακτικές πηγές ενέργειας
|9 4198
|
| 650 |
|
4 |
|a Ηλεκτρική ενέργεια
|9 36587
|
| 700 |
1 |
|
|a Freris, L. L.
|9 150782
|
| 760 |
1 |
|
|a McGraw-Hill electrical engineering series
|
| 852 |
|
|
|a GR-PaULI
|b ΠΑΤΡΑ
|b ΦΥΣΙΚΟ
|k ΑΕΧ-1
|h 62 LAI
|m 02607
|p 025000022955
|t 1
|
| 942 |
|
|
|2 ddc
|c BK15
|
| 952 |
|
|
|0 0
|1 0
|4 0
|6 62_000000000000000_LAI
|7 0
|9 193775
|a PHYS
|b PHYS
|d 2016-04-24
|i 02607
|l 0
|o 62 LAI
|p 025000022955
|r 2016-04-24 00:00:00
|t 1
|w 2016-04-24
|y BK15
|
| 999 |
|
|
|c 118817
|d 118817
|